Nastupuje on-line sledovaní výroby i distribuce
Budúcnosť logistiky spočíva v uplatnení automatickej identifikácie. Zavádza sa strojové videnie alebo internet vecí, napríklad v podobne on-line sledovania pri distribúcii tovaru. Plánuje sa tzv. rozšírená realita s použitím mobilného terminálu. Aktuálne trendy v oblasti čiarových kódov (QR kód a Da...
Na minha lista:
| Autor principal: | |
|---|---|
| Outros Autores: | |
| Formato: | Capítulo de Livro |
| Idioma: | tcheco |
| Assuntos: | |
| Tags: |
Sem tags, seja o primeiro a adicionar uma tag!
|
MARC
| LEADER | 00000naa a2200000 4500 | ||
|---|---|---|---|
| 001 | 0235636 | ||
| 005 | 20221104111705.3 | ||
| 041 | 0 | |a cze | |
| 044 | |a CZ | ||
| 245 | 1 | 0 | |a Nastupuje on-line sledovaní výroby i distribuce |c Radek Novotný, Jan Příhoda |
| 520 | |a Budúcnosť logistiky spočíva v uplatnení automatickej identifikácie. Zavádza sa strojové videnie alebo internet vecí, napríklad v podobne on-line sledovania pri distribúcii tovaru. Plánuje sa tzv. rozšírená realita s použitím mobilného terminálu. Aktuálne trendy v oblasti čiarových kódov (QR kód a DataMatrix). | ||
| 610 | 2 | 0 | |a logistika distribučná |
| 610 | 2 | 0 | |a automatizácia |
| 610 | 2 | 0 | |a technológie nové |
| 610 | 2 | 0 | |a kódy čiarové |
| 610 | 2 | 0 | |a identifikácia automatická |
| 610 | 2 | 0 | |a terminály |
| 100 | 1 | |a Novotný, Radek | |
| 700 | 1 | |a Příhoda, Jan | |